Data Analytics for Accounting (Record no. 1464957)
[ view plain ]
| 000 -LEADER | |
|---|---|
| fixed length control field | 00581nam a22002177a 4500 |
| 005 - DATE AND TIME OF LATEST TRANSACTION | |
| control field | 20251022121721.0 |
| 008 - FIXED-LENGTH DATA ELEMENTS--GENERAL INFORMATION | |
| fixed length control field | 251022b |||||||| |||| 00| 0 eng d |
| 020 ## - INTERNATIONAL STANDARD BOOK NUMBER | |
| International Standard Book Number | 9789390219667 |
| 040 ## - CATALOGING SOURCE | |
| Transcribing agency | ILCL |
| 041 ## - LANGUAGE CODE | |
| Source of code | eng |
| Language code of text/sound track or separate title | eng |
| 084 ## - COLON CLASSIFICATION NUMBER | |
| Classification number | X:8F(B28) R3 |
| 100 ## - MAIN ENTRY--PERSONAL NAME | |
| Personal name | Richardson, Vernon J |
| 245 ## - TITLE STATEMENT | |
| Title | Data Analytics for Accounting |
| 250 ## - EDITION STATEMENT | |
| Edition statement | 2 |
| 260 ## - PUBLICATION, DISTRIBUTION, ETC. | |
| Place of publication, distribution, etc. | Chennai |
| Name of publisher, distributor, etc. | McGraw Hill |
| Date of publication, distribution, etc. | 2023 |
| 300 ## - PHYSICAL DESCRIPTION | |
| Extent | xxiii,513p. |
| 700 ## - ADDED ENTRY--PERSONAL NAME | |
| Personal name | Terrell, Katie L |
| 700 ## - ADDED ENTRY--PERSONAL NAME | |
| Personal name | Teeter, Ryan A |
| 700 ## - ADDED ENTRY--PERSONAL NAME | |
| Personal name | Mohapatra, Partha Sarathi |
| 942 ## - ADDED ENTRY ELEMENTS (KOHA) | |
| Source of classification or shelving scheme | Colon Classification (CC) |
| Koha item type | Textbook |
| 100 ## - MAIN ENTRY--PERSONAL NAME | |
| -- | 849175 |
| 700 ## - ADDED ENTRY--PERSONAL NAME | |
| -- | 849176 |
| 700 ## - ADDED ENTRY--PERSONAL NAME | |
| -- | 849177 |
| 700 ## - ADDED ENTRY--PERSONAL NAME | |
| -- | 849178 |
| 999 ## - | |
| -- | 1464957 |
| -- | 1464957 |
| Withdrawn status | Lost status | Source of classification or shelving scheme | Damaged status | Not for loan | Home library | Current library | Date acquired | Source of acquisition | Cost, normal purchase price | Inventory number | Total checkouts | Full call number | Barcode | Date last seen | Price effective from | Koha item type |
|---|---|---|---|---|---|---|---|---|---|---|---|---|---|---|---|---|
| Colon Classification (CC) | Integrated Law Course library | Integrated Law Course library | 2025-09-29 | Pragati Publications | 1090.00 | 23 dt. 29-09-2025 | X:8F(B28) R3 | IL1864759 | 2025-10-22 | 2025-10-22 | Textbook |
